000
00332nam a2200145Ia 4500
005
20251222141800.0
008
251222s9999||||xx |||||||||||||| ||spa||
020
_a
8403092091
082
_a
863.64/S27
100
_a
Savater, Fernando
245
2
_a
A Caballo entre Milenios
250
_a
1ra.ed.
264
_b
Aguilar
942
_c
LIB
999
_c
6122
_d
6122